00939nam a22002657a 45000010005000000030006000050050017000110080041000280200018000690400029000870500015001160820010001311000020001412450049001612600053002103000045002634900035003085050008003435200220003515210020005715210020005916500019006116500021006306500022006518007FISKH20250818153758.0250818b cb ||||| |||| 00| 0 eng d a9780312602390 aFISKHbengcFISKHdFISKH aPZ7.R935 C a813.6 aRutkoski, Marie aThe cabinet of Wonders / cBy Marie Rutkoski aNew York : bFarrar, Straus and Giroux , c2008. a272 pages : billustrations ; c20 cm .  aThe Kronos Chronicles vBook 1 aR  aTwelve-year-old Petra, accompanied by her magical tin spider, goes to Prague hoping to retrieve the enchanted eyes the Prince of Bohemia took from her father, and is aided in her quest by a Roma boy and his sister. 8 a720 bLexile 8 aR bRaz-Plus  aMagicvFiction aPrincesvFiction aRomaniesvFiction